A viva voz / (Record no. 59437)

MARC details
000 -LEADER
campo de control de longitud fija 00435nam a2200157 i 4500
001 - NÚMERO DE CONTROL
campo de control 59437
003 - IDENTIFICADOR DE NÚMERO DE CONTROL
campo de control ES-MaACL
005 - FECHA Y HORA DE LA ÚLTIMA TRANSACCIÓN
campo de control 20230906164031.0
007 - CAMPO FIJO DE DESCRIPCIÓN FÍSICA--INFORMACIÓN GENERAL
campo de control de longitud fija t|
008 - DATOS DE LONGITUD FIJA--INFORMACIÓN GENERAL
campo de control de longitud fija 031029s1965 sp ||||1| spa d
100 1# - ENTRADA PRINCIPAL--NOMBRE DE PERSONA
Nombre de persona Eiroa, Jorge Juan.
9 (RLIN) 46843
245 10 - MENCIÓN DEL TÍTULO
Título A viva voz /
Mención de responsabilidad, etc. Jorge Juan Eiroa.
260 ## - PUBLICACIÓN, DISTRIBUCIÓN, ETC.
Lugar de publicación, distribución, etc. [S.l. :
Nombre del editor, distribuidor, etc. s.n.,
Fecha de publicación, distribución, etc. 1965] (
Lugar de fabricación/manufactura Cuenca :
Fabricante Imp. Falange)
300 ## - DESCRIPCIÓN FÍSICA
Extensión 30 h. :
Otras características físicas il. ;
Dimensiones 19 cm.
852 ## - LOCALIZACIÓN
Ubicación ES-MaACL
Número de control de estantería C-27098
Sublocalización o colección R.56025
Holdings
Estatus retirado Estado de pérdida Estado de daño No para préstamo Biblioteca de origen Biblioteca actual Ubicación en estantería Fecha de adquisición Fuente de adquisición Total de préstamos Signatura topográfica completa Código de barras Visto por última vez Precio de reemplazo Tipo de ítem Koha
        Biblioteca del Ateneo de Madrid Biblioteca del Ateneo de Madrid Depósito 2 17/01/2008     C-27098 1062342 23/02/2023 23/02/2023 Libro impreso